LEADER 00996nam a2200205 4500 001 000000366846 003 CaOOAMICUS 005 20260313130032.0 008 260313s1855 it 000 u ita r 040 $aSeMil$bita 100 1 $aRenier, Giovanni <1796-1871>.$0(OLS)http://semarc/name/123922 245 10$aOrazione panegirica di S. Girolamo Emiliani fondatore della Congregazione di Somasca ... /$cdal cav. arciprete Giovanni Renier. 264 1$aVenezia :$bTipografia di G. B. Merlo,$c1855. 300 $a23 p. ;$c24 cm 600 04$aGirolamo : Emiliani (Miani) .$0(OLS)http://semarc/subject/9304 850 $aSeMil 852 $aSeMil$W1$xVenegono$y1$m5C IX 1/15$j268470$B257611$CSeMilBibl$Z2$F257611 $8I 996 $6245$aOrazione panegirica di S. Girolamo Emiliani fondatore della Congregazione di Somasca ...$9(OLS)http://semarc/title/458636 996 $6264$aVenezia :$bTipografia di G. B. Merlo$9(OLS)http://semarc/publisher/52357